000 00779nam a22002177a 4500
003 UA-OsUOA
001 96455
007 ta
008 20130319b un ||||| |||| 00| 0 ukr d
100 _aШологон Л.І.
090 _a94(477)
_bШ78
942 _cSA
040 _aUA-OsUOA
_bukr
_cUA-OsUOA
_dUA-OsUOA
245 _aПеріодичні видання товариства "Просвіта" як джерело з історії національно-культурного руху українців Галичини другої половини ХІХ - початку ХХ ст.
300 _aС.32-37
955 _a0
041 _aukr
080 _a94(477)
773 0 _w96448
650 7 _a9 Географія. Біографії. Історія
_2UDC
999 _c382713
_d382713